• 首页
  • 本馆介绍
  • 公告通知
  • 最新文献
  • 馆藏检索
  • 电子资源
  • 读者导购
  • 参考咨询
  • 我的图书馆
  • 登录
  • 详细信息显示
  • 放入我的书架
  • 预约/预借图书
  • 作者相关作品
  • 分类相关作品
  • 丛书相关作品
  • 出版社相关作品

书目信息

  • 表格格式
  • 工作单格式
  • 卡片格式
题名:
富足人生8堂课
    
 
作者: 艾伦 著 ;李诗慧 译
分册:  
出版信息: 北京   现代出版社  2015
页数: 205页
开本: 21cm
丛书名: 经典励志系列
单 册:
中图分类: B825-49
科图分类:
主题词: 个人--修养--通俗读物
电子资源:
ISBN: 978-7-5143-3206-3
000 01120oam2 2200289 450
001 012001000221
005 20140920091301.0
010    @a978-7-5143-3206-3@dCNY29.80
100    @a20151327d2015 em y0chiy50 ea
101 1  @achi@ceng
102    @aCN@b110000
105    @ay z 000yy
106    @ar
200 1  @a富足人生8堂课@9Fu Zu Ren Sheng 8 Tang Ke@f(英)詹姆斯·艾伦著@g李诗慧译
210    @a北京@c现代出版社@d2015
215    @a205页@d21cm
225 2  @a经典励志系列
304    @a封面英文题名: The eight pillars of prosper
330    @a这是一本经典励志书。富足的人并不一定是最富裕的人,但他们却是最欢快、心情最愉快的人,同时他们也是对自己所拥有的,所做的一切感到最满意的人。本书从做富足人到一个富足社会论述了走向富足应具备的八个方面的素养,这些素养是我们走向真正富足和文明的根基,也是我们追求的终极目标。
461  0 @12001 @a经典励志系列
510 1  @aEight pillars of prosper@zeng
606 0  @a个人@x修养@j通俗读物
690    @aB825-49@v5
701  1 @c(英)@a艾伦@9Ai Lun@b詹姆斯@4著
702  0 @a李诗慧@9Li Shi Hui@4译
801  0 @aCN@b上海新华@c20180901
905    @b1041093-97@dB825-49@e1068@f5
    
    富足人生8堂课/(英)詹姆斯·艾伦著/李诗慧译.-北京:现代出版社,2015
    205页;21cm.-(经典励志系列)
    
    
    ISBN 978-7-5143-3206-3:CNY29.80
    这是一本经典励志书。富足的人并不一定是最富裕的人,但他们却是最欢快、心情最愉快的人,同时他们也是对自己所拥有的,所做的一切感到最满意的人。本书从做富足人到一个富足社会论述了走向富足应具备的八个方面的素养,这些素养是我们走向真正富足和文明的根基,也是我们追求的终极目标。
●
相关链接 在E读中查询图书 在五车中查询图书 在当当中查询图书 在豆瓣中查询图书


正题名:富足人生8堂课     索取号:B825-49/1068         预约/预借

序号 登录号 条形码 馆藏地/架位号 状态 备注
1 1041093   210410937   第一样本阅览室/ [索取号:B825-49/1068] 在馆    
2 1041094   210410946   第一借阅区/ [索取号:B825-49/1068] 在馆    
3 1041095   210410955   第一借阅区/ [索取号:B825-49/1068] 在馆    
4 1041096   210410964   第一借阅区/ [索取号:B825-49/1068] 在馆    
5 1041097   210410973   第一借阅区/ [索取号:B825-49/1068] 在馆    
唐山师范学院图书馆 欢迎您!
大连网信软件有限公司© 版权所有